Todas las leyendas /
Enregistré dans:
| Auteur principal: | |
|---|---|
| Autres auteurs: | |
| Format: | Électronique eBook |
| Langue: | espagnol |
| Publié: |
Alicante :
Editorial Aguaclara,
noviembre 1997.
|
| Édition: | Segunda edición. |
| Collection: | Colección Aljibe nuevo ;
1. |
| Sujets: | |
| Accès en ligne: | Digitalia Hispánica |
| Tags: |
Ajouter un tag
Pas de tags, Soyez le premier à ajouter un tag!
|
MARC
| LEADER | 00000cam a2200000Ia 4500 | ||
|---|---|---|---|
| 001 | DIGAGUA0401 | ||
| 003 | NyNyDIG | ||
| 006 | m o d | ||
| 007 | cr ||||||||||| | ||
| 008 | 161101t19971997sp ob 000 1 spa d | ||
| 020 | |z 9788480181259 | ||
| 020 | |z 8480181257 | ||
| 035 | |a (OCoLC)888251995 | ||
| 040 | |a DGITA |b eng |e rda |e pn |c DGITA | ||
| 050 | 1 | 4 | |a PQ6503.B3 eBook |
| 100 | 1 | |a Bécquer, Gustavo Adolfo, |d 1836-1870, |e author. | |
| 245 | 1 | 0 | |a Todas las leyendas / |c Gustavo Adolfo Bécquer ; edición, introducción y notas de Juan Antonio Ríos. |
| 250 | |a Segunda edición. | ||
| 264 | 1 | |a Alicante : |b Editorial Aguaclara, |c noviembre 1997. | |
| 264 | 4 | |c ©1997 | |
| 300 | |a 1 online resource (205 pages) | ||
| 336 | |a text |b txt |2 rdacontent | ||
| 337 | |a computer |b c |2 rdamedia | ||
| 338 | |a online resource |b cr |2 rdacarrier | ||
| 490 | 1 | |a Colección Aljibe nuevo ; |v 1 | |
| 500 | |a First edition in Collection Aljibe number 4, 1988. | ||
| 504 | |a Includes bibliographical references (page 18). | ||
| 588 | 0 | |a Online resource; title from PDF title page (Digitalia, viewed October 30, 2016) | |
| 655 | 0 | |a Electronic books. | |
| 700 | 1 | |a Ríos Carratalá, Juan A., |d 1958- |e editor. | |
| 776 | 0 | 8 | |i Print version: |a Bécquer, Gustavo Adolfo. |t Todas las leyendas. |d Madrid : Editorial Aguaclara, 1997. |z 9788480181259 |w (OCoLC)39507767 |
| 791 | 2 | |a Digitalia (Firm), |e distributor. | |
| 830 | 0 | |a Colección Aljibe nuevo ; |v 1. | |
| 793 | 0 | |g Digitalia eBook Collection: |a Editorial Aguaclara. | |
| 856 | 4 | 0 | |3 Digitalia Hispánica |u https://digitalia.unach.elogim.com/a/116/ |
| 910 | |a Premium Collection: 2007-2012 | ||